|
|
|
|
| LEADER |
00000cam a2200000 7i4500 |
| 001 |
0000030411 |
| 005 |
20150201.0 |
| 008 |
110126 |
| 020 |
|
|
|a 9673221127
|
| 090 |
0 |
0 |
|a 158.1
|b RUB
|
| 100 |
1 |
|
|a Rubino, Joe
|
| 245 |
1 |
4 |
|a The success coce :
|b what exactly distinguishes those who are effective in their relationships, productive in business, and happy, powerful and successful in their approach to life
|c Joe Rubino
|
| 260 |
|
|
|a KL :
|b Synergy Media ,
|c [s.n]
|
| 650 |
|
0 |
|a Success
|
| 650 |
|
0 |
|a Succes
|x Psychological aspects
|
| 999 |
|
|
|a 0001059880
|b Book
|c Adult Collection
|e Cawangan AEON Kulaijaya
|
| 999 |
|
|
|a 0001059881
|b Book
|c Adult Collection
|e Perbadanan Perpustakaan Awam Johor
|
| 999 |
|
|
|a 0001059883
|b Book
|c Adult Collection
|e Perbadanan Perpustakaan Awam Johor
|